| 000 | 00766cab a2200241 4500 | ||
|---|---|---|---|
| 001 | WB2814-20 | ||
| 008 | 090401t1992 xxu||||| |||| 00| 0 eng d | ||
| 035 | _a(Sirsi) u68967 | ||
| 041 | _aeng | ||
| 245 | _aHealth hazards of TV transmitters | ||
| 260 | _c1992 | ||
| 350 | _a0 | ||
| 490 |
_aGuardian _v30 March 1992, 3(1) |
||
| 520 | _aHaving identified a cancer cluster near a TV transmitter in Sutton Coldfield, a doctor has called for further research into the harmful effects of transmitters on physical and mental health. | ||
| 650 | _aCANCER | ||
| 650 | _aHEALTH HAZARDS | ||
| 650 | _aIONISING RADIATION | ||
| 650 | _aMAGNETIC FIELDS | ||
| 650 | _aRADIATION | ||
| 690 | _aENVIRONMENTAL AND LAND CONSULTANCY | ||
| 942 | _n0 | ||
| 948 | _c04/03/1997 | ||
| 999 |
_c43309 _d43309 |
||